00390pab a2200145 454500008004000000100002600040245006700066260000900133300001400142362000800156650002800164650002000192700001400212773001800226180718b2009 xxu||||| |||| 00| 0 eng d aPradhan, Manas Ranjan aFemale sterilization and ethical issues: the Indian experience c2009 ap.365-87. aSep aFamily planning - India aFamily planning aRam, Usha aSocial Change